[Event "Vellmar op 11th"]
[Site "Vellmar"]
[Date "2019.07.06"]
[Round "5"]
[White "Ullmann, Ralf"]
[Black "Azizov, Fariz"]
[Result "1-0"]
[WhiteElo "1830"]
[BlackElo "1458"]
[PlyCount "103"]
[EventDate "2019.07.04"]
[EventType "swiss"]
[EventRounds "7"]
[EventCountry "GER"]
[SourceTitle "CBM 191 Extra"]
[Source "ChessBase"]
[SourceDate "2019.09.30"]
[SourceVersion "1"]
[SourceVersionDate "2019.09.30"]
[SourceQuality "1"]

1. e4 e5 2. Nf3 Nc6 3. Bc4 Bc5 4. c3 Nf6 5. d4 exd4 6. e5 d5 7. Bb5 Ne4 8. cxd4 Bb4+ 9. Bd2 Bxd2+ 10. Nbxd2 f5 11. Rc1 Bd7 12. Bxc6 Bxc6 13. 0-0 0-0 14. Nb3 Qe7 15. Re1 Ba4 16. Qd3 Bxb3 17. Qxb3 c6 18. Re2 Kh8 19. Nd2 Qg5 20. Qd1 Qg6 21. f4 Qh6 22. g3 g5 23. Qf1 Rg8 24. Nxe4 dxe4 25. Rg2 Rg6 26. Rcc2 Rag8 27. Rcf2 Qh3 28. fxg5 Rxg5 29. Rf4 Qh5 30. Rgf2 e3 31. R2f3 Rf8 32. Rxe3 Rg4 33. Ref3 Rxf4 34. Rxf4 Qf7 35. b3 Qe6 36. Qc4 Qh6 37. Qf1 Qe6 38. Qf3 Qg6 39. Kf2 Qh6 40. h4 Qg6 41. Qe3 Qe6 42. g4 Rf7 43. Qf3 c5 44. Rxf5 Rd7 45. Rf8+ Kg7 46. Qf6+ Qxf6+ 47. Rxf6 cxd4 48. Ke2 Rd5 49. Rf5 Kg6 50. Kd3 Rd8 51. Rf6+ Kg7 52. Rd6 1-0

[Event "Hessen-chB"]
[Site "Frankfurt"]
[Date "2018.05.10"]
[Round "1"]
[White "Kirchner, Konrad"]
[Black "Azizov, Fariz"]
[Result "1-0"]
[WhiteElo "1698"]
[BlackElo "1593"]
[PlyCount "43"]
[EventDate "2018.05.10"]
[EventType "swiss"]
[EventRounds "7"]
[EventCountry "GER"]
[SourceTitle "EXT 2019"]
[Source "ChessBase"]
[SourceDate "2018.10.10"]
[SourceVersion "1"]
[SourceVersionDate "2018.10.10"]
[SourceQuality "1"]

1. e4 e5 2. Nf3 Nc6 3. Bc4 Bc5 4. c3 Nf6 5. d4 exd4 6. cxd4 Bb4+ 7. Bd2 Bxd2+ 8. Nbxd2 d5 9. exd5 Nxd5 10. 0-0 0-0 11. Bb5 Bf5 12. Bxc6 bxc6 13. Ne5 Ne7 14. Nb3 f6 15. Nd3 Bxd3 16. Qxd3 Qd5 17. Rac1 Qd6 18. Rfe1 a5 19. Qc4+ Rf7 20. Re6 Qd8 21. Rce1 Kf8 22. Qc5 1-0

[Event "Niedersachsen-ch op-C"]
[Site "Verden"]
[Date "2016.01.06"]
[Round "7"]
[White "Brunner, Sophia"]
[Black "Azizov, Fariz"]
[Result "1-0"]
[WhiteElo "1585"]
[BlackElo "1211"]
[PlyCount "163"]
[EventDate "2016.01.03"]
[EventType "swiss"]
[EventRounds "7"]
[EventCountry "GER"]
[SourceTitle "EXT 2018"]
[Source "ChessBase"]
[SourceDate "2017.10.13"]
[SourceVersion "1"]
[SourceVersionDate "2017.10.13"]
[SourceQuality "1"]

1. d4 Nf6 2. Nc3 d5 3. Bf4 Bf5 4. e3 e6 5. a3 Be7 6. Nf3 Nc6 7. Bd3 Bxd3 8. Qxd3 0-0 9. 0-0 Qd7 10. Ne2 Ne4 11. Ng3 Nxg3 12. Bxg3 Rad8 13. c4 dxc4 14. Qxc4 Bd6 15. Rac1 Bxg3 16. hxg3 Rc8 17. Qb5 Rb8 18. b4 a6 19. Qc5 Qd5 20. Qxd5 exd5 21. Rc5 Rfd8 22. Nd2 Rd6 23. Rfc1 Rc8 24. Nf3 Kf8 25. Kf1 Ke8 26. Ke2 Kd7 27. Ng5 Nd8 28. Nf3 f6 29. Nh4 g6 30. Nf3 Ne6 31. R5c3 c6 32. g4 g5 33. Rh1 Rh8 34. Rd3 Ke7 35. Nd2 Ng7 36. Nb3 b6 37. a4 Kd7 38. a5 Kc7 39. axb6+ Kxb6 40. Nc5 Ne6 41. Ra3 Nc7 42. Ra5 h6 43. Kd3 Rh7 44. g3 Rd8 45. Kc3 Rb8 46. Rha1 Ra8 47. Kd3 h5 48. gxh5 f5 49. Rc1 Rd8 50. g4 fxg4 51. Rg1 Rxh5 52. Rxg4 Rh2 53. Ke2 Rh5 54. Rg1 Rd6 55. Rga1 Rh8 56. Nxa6 Rdd8 57. Nxc7 Kxc7 58. b5 Rhg8 59. bxc6 Kxc6 60. Rc5+ Kd6 61. Ra6+ Ke7 62. Rc7+ Kf8 63. Rf6+ Ke8 64. Rff7 Ra8 65. Rce7+ Kd8 66. Rd7+ Kc8 67. Rxd5 Ra2+ 68. Kd3 Ra3+ 69. Ke4 Re8+ 70. Re5 Rxe5+ 71. Kxe5 Ra2 72. Rf5 g4 73. Rf4 Re2 74. Rxg4 Rxf2 75. Ke6 Rf8 76. e4 Rd8 77. d5 Re8+ 78. Kf7 Re5 79. Kf6 Re8 80. e5 Rf8+ 81. Ke7 Rd8 82. Rc4+ 1-0